000 01193cam a2200241 4500
001 ##L136076
008 070108n2006 000 0 eng u
020 _a9781842193074
035 _a(Sirsi) u136076
041 0 _aeng
050 0 4 _a333.725125 $2 18
100 1 _aMohammad, F.
245 0 0 _aPublic housing and social sustainability indicators
_bHK-BEAM as a case study
260 _aLondon
_bRICS
_c2006
490 0 _aCOBRA
_v2006
520 _aLooks primarily into the relationship of sustainable development and housing in Hong Kong. Compares four key building assessment tools to evaluate their comprehensiveness for measuring social sustainability issues. Presents findings from a Hong Kong pilot study to identify the key social sustainability indicators and their apparent weighting according to the stakeholder's perceptions. Figures. Tables. References.
651 4 _aHONG KONG
651 4 _aUnited Kingdom
_y
690 _aENVIRONMENTAL AND LAND CONSULTANCY-SUSTAINABILITY-SUSTAINABLE DEVELOPMENT
700 1 _aAmato, A.
856 4 0 _uhttps://www.rics.org/site/scripts/download_info.aspx?downloadID=2942
_zView the paper free of charge at www.rics.org...
942 _n0
999 _c106309
_d106309